000 01323cam a22003617a 4500
003 CHAP
005 20220329142900.0
008 041206d2004 mx a r 00110 spa d
010 _a89164
011 _a90136
035 _a100692
040 _cCHAP
090 _aTesis
100 0 0 _aLópez Zerón, Nelson Erik.
_968446
245 1 0 _aIdentificación del gorgojo (Oryzaephilus mercator Linn.) de la nuez pecanera (Carya illinoensis Koch.) en almacen
_c/por Nelson Erik López Cerón
260 _aChapingo, Méx. :
_bEl autor,
_c2004.
300 _a62 h. :
_bilus.
502 _aTesis (Ing. Agr. Esp. en Parasitología Agrícola) - -UACH. Departamento de Parasitología Agrícola
590 _aALEPH
_b10
_c20130110
_lUCH01
_h1501
590 _aBATCH-UPD
_b10
_c20130110
_lUCH01
_h0423
590 _aBATCH-UPD
_b10
_c20130110
_lUCH01
_h2109
590 _aBATCH-UPD
_b10
_c20130410
_lUCH01
_h0057
590 _aBATCH-UPD
_b10
_c20130914
_lUCH01
_h0854
590 _aCONVERSION
_b10
_c20130109
_lUCH01
_h1349
650 1 4 _aCarya pecan.
_919718
650 1 4 _aInsectos
_xIdentificación.
_958929
650 1 4 _aNuez
_xAlmacenamiento.
_982171
901 _aBK
905 _aLilia
942 _cFOLL
949 _aTesis
_bBC
_cTES
_d100692
_eTS1
_h42993
_i100692
_sb
949 _aTesis
_bBC
_cTES
_d33724000931556
_eTS2
_fc.2
_h42994
_i100692
_sb
999 _c89164
_d89164